Catálogo
 En Linea

Ley no. 11-92, Código tributario de la República Dominicana : (Registro nro. 31666)

Detalles MARC
000 -CABECERA
campo de control de longitud fija 02272nam a2200289 a 4500
001 - NÚMERO DE CONTROL
campo de control 000032175
003 - IDENTIFICADOR DEL NÚMERO DE CONTROL
campo de control DO-SdBNP
005 - FECHA Y HORA DE LA ÚLTIMA TRANSACCIÓN
campo de control 20240402134028.0
008 - DATOS DE LONGITUD FIJA--INFORMACIÓN GENERAL
campo de control de longitud fija 090715s2008 dr a 000 0 spa d
040 ## - FUENTE DE LA CATALOGACIÓN
Centro catalogador/agencia de origen DO-SdBNP
Lengua de catalogación spa
Centro/agencia transcriptor BNPHU
082 ## - NÚMERO DE LA CLASIFICACIÓN DECIMAL DEWEY
Número de clasificación 343.729304
Número de documento/Ítem R426le 2008
110 1# - ENTRADA PRINCIPAL--NOMBRE DE ENTIDAD CORPORATIVA
Nombre de entidad corporativa o nombre de jurisdicción como elemento de entrada República Dominicana
9 (RLIN) 447
240 10 - TÍTULO UNIFORME
Título uniforme Código tributario
245 10 - MENCIÓN DE TÍTULO
Título Ley no. 11-92, Código tributario de la República Dominicana :
Resto del título cuatro de las diferentes modificaciones ; Reglamentos dec.139-98(mod. por decs. 195-01 y 1520-04), dec. 140-98 (mod. por decs. 196-01 y 1108-01); dec. 79-03 (mod. dec. 1360-04) y dec. 1521-04 /
Mención de responsabilidad, etc. Trajano Vidal Potentini, Federico Sepulveda.
250 ## - MENCIÓN DE EDICIÓN
Mención de edición 7a. ed., actualizada, verificada con el de la Suprema y ampliado
260 ## - PUBLICACIÓN, DISTRIBUCIÓN, ETC.
Lugar de publicación, distribución, etc. Moca, República Dominicana :
Nombre del editor, distribuidor, etc. Dalis,
Fecha de publicación, distribución, etc. 2008.
300 ## - DESCRIPCIÓN FÍSICA
Extensión 235 p. ;
Dimensiones 22 cm.
500 ## - NOTA GENERAL
Nota general Ley no. 11-92 (Gaceta oficial no. 9835), mod. por leyes 112-00, 147-00, 12-01, 3-04, 288-04 y 557-05, 227-06, 495-06, 172-07, y 175-07)
500 ## - NOTA GENERAL
Nota general Incluye notas al pie de las páginas
505 0# - NOTA DE CONTENIDO CON FORMATO
Información miscelánea Índice general del código tributario --
-- Título 1
Título De las normas generales, procedimientos y sanciones tributarias --
Información miscelánea Título 2
Título Del impuesto sobre la renta --
Información miscelánea Título 3
Título Del impuesto sobre sobre las transferencias de bienes industrializados y servicios --
Información miscelánea Título 4
Título Del impuesto selectivo al consumo --
Información miscelánea Título 5
Título Agregado por la ley 557-05 impuesto sobre activos arts. 401 al 408 --
Información miscelánea Reglamentos :
Título Reglamentos decreto 139-98-título ll (mod. por dec. 195-01 del impuesto sobre la renta --
-- Reglamento (índice por artículo) (dec. 140-98 título lll (mod. por el dec. 196-01 del impuesto sobre sobre las transferencias de bienes industrializados y servicios-ITBIS --
-- Reglamento dec. no.79-03 para aplicación título lV impuesto selectivo al consumo --
-- Reglamento, decreto no.1521-04 reglamento para aplicación del régimen de estimación simple para la declaración jurada de impuesto sobre la renta de los pequeños
590 ## - NOTA LOCAL (RLIN)
Nota local Inventariado, 2018/VM
650 14 - PUNTO DE ACCESO ADICIONAL DE MATERIA--TÉRMINO DE MATERIA
Término de materia o nombre geográfico como elemento de entrada Derecho fiscal
Subdivisión general Legislación
Subdivisión geográfica República Dominicana
9 (RLIN) 9397
700 12 - PUNTO DE ACCESO ADICIONAL--NOMBRE DE PERSONA
Nombre de persona Potentini Adames, Trajano Vidal‏
9 (RLIN) 73577
700 12 - PUNTO DE ACCESO ADICIONAL--NOMBRE DE PERSONA
Nombre de persona Sepulveda, Federico
9 (RLIN) 11789
910 ## - DATOS DE OPCIÓN DEL USUARIO (OCLC)
Datos de opción del usuario Validado. Control de calidad MFF
942 ## - ELEMENTOS DE PUNTO DE ACCESO ADICIONAL (KOHA)
Fuente del sistema de clasificación o colocación Dewey Decimal Classification
Tipo de ítem Koha Libro
Existencias
Estado de retiro Estado de pérdida Fuente del sistema de clasificación o colocación Restricciones de uso No para préstamo Código de colección Localización permanente Ubicación/localización actual Ubicación en estantería Fecha de adquisición Total de préstamos Signatura topográfica completa Código de barras Fecha visto por última vez Precio válido a partir de Tipo de ítem Koha Fuente de adquisición Número de copia
    Dewey Decimal Classification Préstamo en sala Préstamo restrigido Dominicana de Servicio Biblioteca Nacional Pedro Henríquez Ureña Biblioteca Nacional Pedro Henríquez Ureña Depósito 18.08.2021   BNPHU PD 343.729304 R426le 2008 2021-25468 18.08.2021 18.08.2021 Préstamo en sala Donación e.2
    Dewey Decimal Classification Excluido de préstamo Excluido de préstamo Patrimonio Dominicano Biblioteca Nacional Pedro Henríquez Ureña Patrimonio Dominicano Depósito 13.07.2011   BNPHU PD 343.729304 R426le 2008 32175-10 25.06.2020 25.06.2020 Libro y Folleto Colección Patrimonio Dominicano    

Con tecnología Koha